Management (Record no. 82366)

MARC details
000 -LEADER
fixed length control field 01002nam a2200193 a 4500
008 - FIXED-LENGTH DATA ELEMENTS--GENERAL INFORMATION
fixed length control field 120416s1969 ||||||||||||||||| || u
050 ## - LIBRARY OF CONGRESS CALL NUMBER
Classification number HD 31 Fli
100 ## - MAIN ENTRY--PERSONAL NAME
Personal name Flippo, Edwin B
245 10 - TITLE STATEMENT
Title Management
246 ## -
-- a behavioral approach
260 ## - PUBLICATION, DISTRIBUTION, ETC.
Place of publication, distribution, etc. Boston
Name of publisher, distributor, etc. Allyn and Bacon
Date of publication, distribution, etc. 1969
350 ## -
-- 0.00
650 #0 - SUBJECT ADDED ENTRY--TOPICAL TERM
Topical term or geographic name entry element MANAGEMENT
650 ## - SUBJECT ADDED ENTRY--TOPICAL TERM
Topical term or geographic name entry element ORGANIZATIONAL BEHAVIOUR
995 ## -
-- ANNEX COLLECTION (Main Library)
-- 0.00
-- 710182
-- CBU-MAIN LIBRARY (Kitwe)
-- 2
-- 0.00
-- HD 31 Fli
-- 4
-- AVAILABLE
-- 000453
-- Annex Low-Usage Collection
995 ## -
-- ANNEX COLLECTION (Main Library)
-- 0.00
-- 710181
-- CBU-MAIN LIBRARY (Kitwe)
-- 1
-- 0.00
-- HD 31 Fli
-- 3
-- AVAILABLE
-- 000452
-- Annex Low-Usage Collection
995 ## -
-- ANNEX COLLECTION (Main Library)
-- 0.00
-- 710180
-- CBU-MAIN LIBRARY (Kitwe)
-- 4
-- 0.00
-- HD 31 Fli
-- 2
-- AVAILABLE
-- 000451
-- Annex Low-Usage Collection
995 ## -
-- ANNEX COLLECTION (Main Library)
-- 0.00
-- 710179
-- CBU-MAIN LIBRARY (Kitwe)
-- 3
-- 0.00
-- HD 31 Fli
-- 1
-- AVAILABLE
-- 000450
-- Annex Low-Usage Collection
999 ## -
-- 82366
-- 82366
Holdings
Withdrawn status Lost status Source of classification or shelving scheme Damaged status Not for loan Permanent Location Current Location Shelving location Date acquired Total Checkouts Full call number Barcode Date last seen Copy number Price effective from Koha item type
Withdrawn         CBU-MAIN LIBRARY, KITWE. CBU-MAIN LIBRARY, KITWE.   09/27/2023   HD 31 Fli 000453 09/27/2023 1 09/27/2023 MONOGRAPH
          CBU-MAIN LIBRARY, KITWE. CBU-MAIN LIBRARY, KITWE.   09/27/2023   HD 31 Fli 000452 09/27/2023 2 09/27/2023 MONOGRAPH
          CBU-MAIN LIBRARY, KITWE. CBU-MAIN LIBRARY, KITWE.   09/27/2023   HD 31 Fli 000451 09/27/2023 3 09/27/2023 MONOGRAPH
          CBU-MAIN LIBRARY, KITWE. CBU-MAIN LIBRARY, KITWE.   09/27/2023   HD 31 Fli 000450 09/27/2023 4 09/27/2023 MONOGRAPH